[Event "Europa ch 2014"]
[Site "Yerevan ARM"]
[Date "2014.03.14"]
[Round "11.7"]
[White "Smirin, Ilia"]
[Black "Cheparinov, Ivan"]
[Result "1/2-1/2"]
[WhiteElo "2644"]
[BlackElo "2681"]
[PlyCount "94"]
[EventDate "2014.03.03"]
[EventType "swiss"]
[EventRounds "11"]
[EventCountry "ARM"]
[Source "lmi"]
[SourceDate "2014.03.02"]

1. e4 c5 2. Nf3 d6 3. Bb5+ Nd7 4. c3 Ngf6 5. Qe2 a6 6. Ba4 b5 7. Bc2 Bb7 8. O-O
g6 9. d4 Bg7 10. Rd1 Qb6 11. a4 O-O 12. Na3 cxd4 13. cxd4 d5 14. e5 Ne4 15. Be3
b4 16. Nb1 a5 17. Nbd2 f5 18. Nb3 Ba6 19. Bd3 Bxd3 20. Qxd3 f4 21. Bd2 g5 22.
Be1 g4 23. Nfd2 Ng5 24. Nc5 Nxc5 25. dxc5 Qc6 26. Nb3 e6 27. Rac1 f3 28. Bd2
Ne4 29. Be3 Bxe5 30. Nd2 Bxb2 31. Nxe4 dxe4 32. Qc4 Bxc1 33. Rd6 Qxd6 34. cxd6
Bxe3 35. Qxe6+ Rf7 36. Qxe4 Rd8 37. Qxg4+ Kf8 38. fxe3 f2+ 39. Kf1 Rxd6 40.
Qc8+ Kg7 41. Qg4+ Rg6 42. Qd4+ Rgf6 43. Qg4+ Kh8 44. Qd4 h6 45. h4 Kg7 46. Qg4+
Rg6 47. Qd4+ Rgf6 1/2-1/2

[Event "Europa ch 2014"]
[Site "Yerevan ARM"]
[Date "2014.03.14"]
[Round "11.8"]
[White "Laznicka, Viktor"]
[Black "Lupulescu, Constantin"]
[Result "0-1"]
[WhiteElo "2681"]
[BlackElo "2643"]
[PlyCount "62"]
[EventDate "2014.03.03"]
[EventType "swiss"]
[EventRounds "11"]
[EventCountry "ARM"]
[Source "lmi"]
[SourceDate "2014.03.02"]

1. e4 e6 2. d4 d5 3. Nd2 c5 4. exd5 Qxd5 5. Ngf3 cxd4 6. Bc4 Qd6 7. O-O Nf6 8.
Nb3 Nc6 9. Nbxd4 Nxd4 10. Nxd4 a6 11. Bb3 Qc7 12. Re1 Bd6 13. Nf5 Bxh2+ 14. Kh1
O-O 15. Nxg7 Rd8 16. Qf3 Kxg7 17. Bh6+ Kg6 18. c3 Nh5 19. Be3 f5 20. g4 Nf6 21.
gxf5+ exf5 22. Rg1+ Bxg1 23. Rxg1+ Ng4 24. Qh3 h5 25. f3 Qe5 26. fxg4 fxg4 27.
Bd4 Qe4+ 28. Rg2 Bf5 29. Qg3 Rxd4 30. cxd4 Qxd4 31. Kh2 Rd8 0-1

[Event "Europa ch 2014"]
[Site "Yerevan ARM"]
[Date "2014.03.14"]
[Round "11.9"]
[White "Anton Guijarro, David"]
[Black "Jobava, Baadur"]
[Result "1-0"]
[WhiteElo "2559"]
[BlackElo "2716"]
[PlyCount "119"]
[EventDate "2014.03.03"]
[EventType "swiss"]
[EventRounds "11"]
[EventCountry "ARM"]
[Source "lmi"]
[SourceDate "2014.03.02"]

1. Nf3 Nf6 2. c4 g6 3. Nc3 Bg7 4. e4 O-O 5. d4 c6 6. Be2 d5 7. e5 Ne4 8. Be3 f5
9. Qc1 e6 10. h4 Bd7 11. Ng5 Na6 12. g3 c5 13. cxd5 cxd4 14. Bxd4 exd5 15. Bxa6
bxa6 16. Qe3 Re8 17. Ngxe4 dxe4 18. h5 Be6 19. hxg6 hxg6 20. O-O-O Rc8 21. Rd2
Qa5 22. a3 Kf7 23. g4 Rh8 24. Rdd1 Qc7 25. gxf5 gxf5 26. Kb1 Qb7 27. Rdg1 Rxh1
28. Rxh1 Rb8 29. b4 Rd8 30. Rg1 Ke8 31. Rg6 Qf7 32. Qg5 Bf8 33. Qf6 Qxf6 34.
Rxf6 Bc4 35. Bxa7 Rd3 36. Kc2 Rf3 37. Rc6 Bd3+ 38. Kd2 Kd7 39. Rg6 f4 40. e6+
Ke8 41. Rg8 e3+ 42. fxe3 Bc4 43. exf4 Bxe6 44. Rh8 Kf7 45. Ne4 Be7 46. Be3 Rf1
47. Rh7+ Ke8 48. Bc5 Bxc5 49. Nxc5 Bc4 50. Ke3 Ra1 51. a4 Rb1 52. Rb7 Kd8 53.
Kd4 Be2 54. f5 Rf1 55. Ke5 Bg4 56. Rf7 Be2 57. Nb7+ Kc8 58. Nd6+ Kb8 59. Rb7+
Ka8 60. f6 1-0

[Event "Europa ch 2014"]
[Site "Yerevan ARM"]
[Date "2014.03.14"]
[Round "11.11"]
[White "Moiseenko, Alexander"]
[Black "Postny, Evgeny"]
[Result "1/2-1/2"]
[WhiteElo "2712"]
[BlackElo "2635"]
[PlyCount "101"]
[EventDate "2014.03.03"]
[EventType "swiss"]
[EventRounds "11"]
[EventCountry "ARM"]
[Source "lmi"]
[SourceDate "2014.03.02"]

1. d4 d5 2. c4 c6 3. Nc3 Nf6 4. e3 g6 5. Nf3 Bg7 6. Bd3 O-O 7. O-O a6 8. Qc2
Bg4 9. Ne5 Be6 10. c5 Nbd7 11. Nxd7 Qxd7 12. Bd2 Bf5 13. Bxf5 Qxf5 14. Qxf5
gxf5 15. Ne2 a5 16. f3 Nd7 17. Rac1 a4 18. Bb4 Rfe8 19. Kf2 e6 20. h3 Bf8 21.
Nf4 b6 22. Nd3 bxc5 23. Bxc5 Bxc5 24. Nxc5 Nxc5 25. Rxc5 Reb8 26. Rc2 Rb4 27.
Kg3 Kg7 28. a3 Rb3 29. Kf4 h5 30. Rff2 Ra6 31. g4 hxg4 32. hxg4 fxg4 33. fxg4
f6 34. Rh2 Rab6 35. Rcg2 Kf7 36. g5 fxg5+ 37. Rxg5 Rxb2 38. Rh7+ Kf8 39. Ke5
Rf2 40. Kxe6 c5+ 41. Kxd5 cxd4 42. Kxd4 Rb3 43. Rh8+ Kf7 44. Rgg8 Rh2 45. Rf8+
Ke7 46. Re8+ Kf7 47. Rhf8+ Kg7 48. Rg8+ Kf7 49. Rgf8+ Kg7 50. Rg8+ Kf7 51.
Rgf8+ 1/2-1/2

[Event "Europa ch 2014"]
[Site "Yerevan ARM"]
[Date "2014.03.14"]
[Round "11.12"]
[White "Potkin, Vladimir"]
[Black "Areshchenko, Alexander"]
[Result "0-1"]
[WhiteElo "2625"]
[BlackElo "2705"]
[PlyCount "140"]
[EventDate "2014.03.03"]
[EventType "swiss"]
[EventRounds "11"]
[EventCountry "ARM"]
[Source "lmi"]
[SourceDate "2014.03.02"]

1. d4 Nf6 2. c4 g6 3. Nc3 d5 4. Nf3 Bg7 5. Qb3 dxc4 6. Qxc4 O-O 7. e4 a6 8. Be2
b5 9. Qb3 c5 10. dxc5 Be6 11. Qc2 Nbd7 12. Be3 Rc8 13. Rd1 b4 14. Nd5 Bxd5 15.
exd5 Nxc5 16. O-O a5 17. Bc4 Nce4 18. Qe2 Qc7 19. Rc1 Nc3 20. bxc3 Qxc4 21.
Qxc4 Rxc4 22. cxb4 Rxc1 23. Rxc1 axb4 24. Rc5 Rd8 25. d6 h6 26. g3 Rxd6 27. Rb5
Rd1+ 28. Kg2 Ra1 29. Bd4 Rxa2 30. Bxf6 Bxf6 31. Rxb4 Kg7 32. Re4 Rb2 33. Kf1 e6
34. Re2 Rb5 35. Kg2 g5 36. h3 h5 37. Nd2 Kg6 38. Ne4 Bd4 39. g4 Be5 40. f3 Bf4
41. Rc2 h4 42. Re2 Rb4 43. Rc2 Rd4 44. Re2 Rc4 45. Nf2 Kf6 46. Ne4+ Ke7 47. Ra2
Rc7 48. Rb2 f6 49. Ra2 Be3 50. Re2 Bd4 51. Rd2 Rc4 52. Kf1 Be5 53. Kg2 Rc1 54.
Re2 Bf4 55. Ra2 f5 56. Nf2 Rc3 57. gxf5 exf5 58. Re2+ Kd6 59. Ra2 Rb3 60. Ra6+
Kd5 61. Ra5+ Ke6 62. Ra6+ Bd6 63. Ra2 Bc5 64. Rd2 Ra3 65. Nd1 Ke5 66. Nf2 Kf4
67. Rc2 Bd4 68. Rd2 Ke3 69. Rd1 Ba7 70. Re1+ Kf4 0-1

[Event "Europa ch 2014"]
[Site "Yerevan ARM"]
[Date "2014.03.14"]
[Round "11.14"]
[White "Riazantsev, Alexander"]
[Black "Pashikian, Arman"]
[Result "1/2-1/2"]
[WhiteElo "2689"]
[BlackElo "2612"]
[PlyCount "147"]
[EventDate "2014.03.03"]
[EventType "swiss"]
[EventRounds "11"]
[EventCountry "ARM"]
[Source "lmi"]
[SourceDate "2014.03.02"]

1. d4 Nf6 2. c4 e6 3. Nc3 Bb4 4. Nf3 b6 5. Qc2 Bb7 6. a3 Bxc3+ 7. Qxc3 O-O 8.
e3 c5 9. dxc5 bxc5 10. Be2 a5 11. b3 Ne4 12. Qc2 a4 13. b4 d5 14. b5 dxc4 15.
Bxc4 Bd5 16. O-O Bxc4 17. Qxc4 Qd5 18. Qc2 Nd7 19. Rd1 Qb7 20. Bb2 Rfd8 21.
Rab1 f6 22. Ne1 Nb6 23. f3 Nd6 24. Qxc5 Nbc4 25. Bc1 Rac8 26. Qb4 Qxb5 27. Qxb5
Nxb5 28. Rxd8+ Rxd8 29. Rxb5 Rd1 30. Kf2 Rxc1 31. Rc5 e5 32. e4 h5 33. Kg3 Rc3
34. Rc7 Kf8 35. Kh4 g6 36. g4 hxg4 37. fxg4 g5+ 38. Kh5 Rh3+ 39. Kg6 Nd6 40.
Ra7 Rxa3 41. Kxf6 Nxe4+ 42. Kxe5 Nf2 43. Kf5 Re3 44. Nc2 Re4 45. h3 Rf4+ 46.
Kxg5 Nxh3+ 47. Kh4 Ng1 48. Ne3 Rb4 49. Nd5 Nf3+ 50. Kg3 Rd4 51. Nf4 Ng5 52. Ra5
Ne4+ 53. Kh4 Ke7 54. g5 Nf2 55. Kg3 Nd3 56. Ra7+ Ke8 57. Ne6 Re4 58. Ng7+ Kf8
59. Nh5 Ne5 60. Nf4 Re3+ 61. Kg2 a3 62. g6 Nc6 63. Rf7+ Ke8 64. Nd5 a2 65. Nf6+
Kd8 66. g7 Ne7 67. Rf8+ Kc7 68. Ra8 Re2+ 69. Kf3 Kb7 70. Ra3 Re6 71. Ne4 Rg6
72. Rxa2 Rxg7 73. Rg2 Rxg2 74. Kxg2 1/2-1/2

[Event "Europa ch 2014"]
[Site "Yerevan ARM"]
[Date "2014.03.14"]
[Round "11.15"]
[White "Akopian, Vladimir"]
[Black "Iordachescu, Viorel"]
[Result "0-1"]
[WhiteElo "2682"]
[BlackElo "2583"]
[PlyCount "62"]
[EventDate "2014.03.03"]
[EventType "swiss"]
[EventRounds "11"]
[EventCountry "ARM"]
[Source "lmi"]
[SourceDate "2014.03.02"]

1. e4 g6 2. d4 Bg7 3. Nc3 c6 4. Nf3 d6 5. Be3 Qb6 6. Qd2 Qxb2 7. Rb1 Qa3 8. Bc4
Nf6 9. O-O O-O 10. e5 dxe5 11. Nxe5 e6 12. Rb3 Qd6 13. Bf4 Qd8 14. Bg5 Qc7 15.
Bxf6 Bxf6 16. f4 Bg7 17. Ne4 b5 18. Rh3 f6 19. f5 gxf5 20. Rxf5 bxc4 21. Rfh5
c3 22. Qxc3 fxe5 23. Rxh7 Ba6 24. Nd2 exd4 25. Qa3 Rf7 26. Nf3 Qf4 27. Kh1 Qe3
28. Rxg7+ Rxg7 29. Qa5 Nd7 30. Qh5 Qc1+ 31. Ng1 Qg5 0-1

[Event "Europa ch 2014"]
[Site "Yerevan ARM"]
[Date "2014.03.14"]
[Round "11.16"]
[White "Perunovic, Milos"]
[Black "Dreev, Aleksey"]
[Result "1-0"]
[WhiteElo "2617"]
[BlackElo "2679"]
[PlyCount "53"]
[EventDate "2014.03.03"]
[EventType "swiss"]
[EventRounds "11"]
[EventCountry "ARM"]
[Source "lmi"]
[SourceDate "2014.03.02"]

1. e4 c6 2. d4 d5 3. e5 Bf5 4. Nd2 e6 5. Nb3 c5 6. dxc5 Bxc5 7. Bb5+ Nc6 8. a4
Bf8 9. a5 a6 10. Ba4 Qc7 11. Ne2 Qxe5 12. Nbd4 Rc8 13. O-O Bc5 14. Be3 Qd6 15.
b4 Bxd4 16. Nxd4 Nge7 17. Nxf5 Nxf5 18. Bc5 Qc7 19. c4 dxc4 20. Qg4 Qe5 21.
Rfe1 Qf6 22. Qxc4 Nfe7 23. b5 axb5 24. Qxb5 Qf5 25. Rec1 O-O 26. Qxb7 Nxa5 27.
Qxe7 1-0

[Event "Europa ch 2014"]
[Site "Yerevan ARM"]
[Date "2014.03.14"]
[Round "11.17"]
[White "Grigoryan, Avetik"]
[Black "Zhigalko, Sergei"]
[Result "0-1"]
[WhiteElo "2583"]
[BlackElo "2671"]
[PlyCount "48"]
[EventDate "2014.03.03"]
[EventType "swiss"]
[EventRounds "11"]
[EventCountry "ARM"]
[Source "lmi"]
[SourceDate "2014.03.02"]

1. Nf3 d5 2. c4 d4 3. b4 Bg4 4. Ne5 Bf5 5. d3 Nd7 6. Nxd7 Qxd7 7. Nd2 e5 8. b5
Nf6 9. g3 Bh3 10. Bxh3 Qxh3 11. Nf3 Bc5 12. Nxe5 O-O 13. e4 dxe3 14. Bxe3 Bxe3
15. fxe3 Qg2 16. Rf1 Qxh2 17. Nf3 Qxg3+ 18. Kd2 a6 19. a4 axb5 20. axb5 c6 21.
Nd4 c5 22. Nf5 Qh2+ 23. Qe2 Rxa1 24. Qxh2 Ra2+ 0-1

[Event "Europa ch 2014"]
[Site "Yerevan ARM"]
[Date "2014.03.14"]
[Round "11.18"]
[White "Bartel, Mateusz"]
[Black "Ter-Sahakyan, Samvel"]
[Result "0-1"]
[WhiteElo "2662"]
[BlackElo "2572"]
[PlyCount "142"]
[EventDate "2014.03.03"]
[EventType "swiss"]
[EventRounds "11"]
[EventCountry "ARM"]
[Source "lmi"]
[SourceDate "2014.03.02"]

1. e4 c5 2. Nf3 Nc6 3. Bb5 d6 4. O-O Bd7 5. c3 Nf6 6. Re1 a6 7. Bc4 Bg4 8. d4
cxd4 9. cxd4 e5 10. d5 Nd4 11. Nbd2 Rc8 12. Bd3 Be7 13. h3 Nxf3+ 14. Nxf3 Bxf3
15. Qxf3 Nd7 16. Qg4 O-O 17. Bh6 Bf6 18. Rec1 Nc5 19. Be2 Kh8 20. Be3 a5 21.
Rc3 g6 22. Rac1 h5 23. Qf3 Bg5 24. a3 a4 25. R1c2 Bxe3 26. Qxe3 Kg7 27. Rc4 Rc7
28. Rb4 Qe7 29. Bb5 Ra8 30. Rcc4 Qd8 31. Bxa4 Na6 32. Rxc7 Qxc7 33. Rb5 Qc4 34.
b3 Qc2 35. Rxb7 Nc5 36. Rb4 Qb2 37. Rc4 Rb8 38. Qc1 Qe2 39. Qc2 Qe1+ 40. Kh2
Ra8 41. Rc3 h4 42. Re3 Qa1 43. Qc4 Qxa3 44. Bb5 Qb2 45. b4 Ra1 46. Qc3 Qxc3 47.
Rxc3 Nxe4 48. Rc2 Rb1 49. Bd3 Rxb4 50. Bxe4 Rxe4 51. Rc6 Rf4 52. Kg1 Rf6 53.
Kf1 g5 54. Ke2 Kg6 55. Ke3 Kf5 56. Rc7 g4 57. Re7 Kg5 58. hxg4 Kxg4 59. Ra7 Kh5
60. Rb7 Kg5 61. Rd7 Kg6 62. Ke2 Kg7 63. Kf1 Kf8 64. Kg1 Ke8 65. Ra7 Rf4 66. Rb7
Rd4 67. Rb5 Ke7 68. Kh2 Kf6 69. f3 Kg5 70. Kh3 Rd1 71. Kh2 f5 0-1

[Event "Europa ch 2014"]
[Site "Yerevan ARM"]
[Date "2014.03.14"]
[Round "11.19"]
[White "Bok, Benjamin"]
[Black "Khairullin, Ildar"]
[Result "1/2-1/2"]
[WhiteElo "2575"]
[BlackElo "2657"]
[PlyCount "81"]
[EventDate "2014.03.03"]
[EventType "swiss"]
[EventRounds "11"]
[EventCountry "ARM"]
[Source "lmi"]
[SourceDate "2014.03.02"]

1. e4 c5 2. Nf3 Nc6 3. d4 cxd4 4. Nxd4 e5 5. Nb5 d6 6. g3 Be7 7. Bg2 Nf6 8. O-O
a6 9. N5c3 h6 10. Nd2 Bg4 11. Nf3 O-O 12. Qd3 Rc8 13. h3 Be6 14. Rd1 Qc7 15.
Nh4 Rfd8 16. Nf5 Bxf5 17. exf5 d5 18. Nxd5 Nxd5 19. Bxd5 Nb4 20. Qb3 Nxd5 21.
Rxd5 Qxc2 22. Rxd8+ Bxd8 23. Be3 Qxb3 24. axb3 Bg5 25. Bxg5 hxg5 26. Rd1 Rc2
27. Rd8+ Kh7 28. Rd7 f6 29. Rxb7 Rxb2 30. Kg2 a5 31. Rb5 Ra2 32. g4 a4 33. bxa4
Rxa4 34. Rc5 Ra3 35. Rb5 Rc3 36. Rb7 Ra3 37. Rc7 Rb3 38. Rd7 Ra3 39. Rc7 Rb3
40. Rd7 Ra3 41. Rc7 1/2-1/2

[Event "Europa ch 2014"]
[Site "Yerevan ARM"]
[Date "2014.03.14"]
[Round "11.20"]
[White "Grigoriants, Sergey"]
[Black "Sjugirov, Sanan"]
[Result "1/2-1/2"]
[WhiteElo "2574"]
[BlackElo "2653"]
[PlyCount "87"]
[EventDate "2014.03.03"]
[EventType "swiss"]
[EventRounds "11"]
[EventCountry "ARM"]
[Source "lmi"]
[SourceDate "2014.03.02"]

1. Nf3 f5 2. g3 Nf6 3. Bg2 d6 4. d4 g6 5. b3 Bg7 6. Bb2 O-O 7. O-O c6 8. Nbd2
a5 9. c4 Na6 10. Qc2 Qc7 11. a3 Re8 12. e4 e5 13. c5 dxc5 14. dxe5 Nxe4 15.
Nxe4 fxe4 16. Ng5 Bxe5 17. Qxe4 Bf5 18. Qc4+ Kf8 19. Bxe5 Rxe5 20. g4 Bd3 21.
Nxh7+ Qxh7 22. Qf4+ Kg8 23. Qxe5 Bxf1 24. Rxf1 Qg7 25. Qg5 Rf8 26. Be4 Nc7 27.
Qxc5 Ne6 28. Qc4 Qe5 29. f4 Rxf4 30. Rxf4 b5 31. Qxc6 Nxf4 32. Kf2 Kg7 33. h4
Ne6 34. Qd7+ Kh6 35. Qd2+ Kg7 36. Qd7+ Kh6 37. Qd2+ Kg7 38. Bg2 Nd4 39. b4 Qf6+
40. Kg3 Qe5+ 41. Kf2 axb4 42. axb4 Qf6+ 43. Kg1 Qe5 44. Kf2 1/2-1/2

[Event "Europa ch 2014"]
[Site "Yerevan ARM"]
[Date "2014.03.14"]
[Round "11.21"]
[White "Palac, Mladen"]
[Black "Zvjaginsev, Vadim"]
[Result "1/2-1/2"]
[WhiteElo "2561"]
[BlackElo "2653"]
[PlyCount "85"]
[EventDate "2014.03.03"]
[EventType "swiss"]
[EventRounds "11"]
[EventCountry "ARM"]
[Source "lmi"]
[SourceDate "2014.03.02"]

1. e4 e6 2. d4 d5 3. Nd2 c5 4. Ngf3 a6 5. exd5 exd5 6. dxc5 Bxc5 7. Nb3 Be7 8.
Be2 Nf6 9. Bf4 O-O 10. Nfd4 Nc6 11. O-O Re8 12. Re1 Bd6 13. Bxd6 Qxd6 14. Qd2
Ne4 15. Bd3 Bd7 16. Bxe4 dxe4 17. Nxc6 Qxc6 18. Re3 Rad8 19. c3 f5 20. f4 exf3
21. Rxf3 Qf6 22. Qf2 g6 23. Nd4 Bc6 24. Nxc6 Qxc6 25. Re3 Rxe3 26. Qxe3 Re8 27.
Qf2 Qe6 28. a3 Qe2 29. Rf1 Kf7 30. h3 Qxf2+ 31. Kxf2 Rd8 32. Ke3 Kf6 33. Rf4
Ke5 34. Rb4 Rd7 35. h4 h6 36. Rb6 f4+ 37. Kf3 Kf5 38. g4+ fxg3 39. Kxg3 h5 40.
c4 Rd3+ 41. Kg2 Rd4 42. Kg3 Rd3+ 43. Kg2 1/2-1/2

[Event "Europa ch 2014"]
[Site "Yerevan ARM"]
[Date "2014.03.14"]
[Round "11.22"]
[White "Sutovsky, Emil"]
[Black "Oparin, Grigoriy"]
[Result "0-1"]
[WhiteElo "2652"]
[BlackElo "2526"]
[PlyCount "72"]
[EventDate "2014.03.03"]
[EventType "swiss"]
[EventRounds "11"]
[EventCountry "ARM"]
[Source "lmi"]
[SourceDate "2014.03.02"]

1. e4 c5 2. Nf3 d6 3. d4 cxd4 4. Nxd4 Nf6 5. Nc3 a6 6. Be3 e5 7. Nb3 Be6 8. h3
Nbd7 9. g4 h6 10. f4 exf4 11. Bxf4 Nh5 12. Be3 Ng3 13. Rh2 Nxf1 14. Kxf1 h5 15.
g5 Be7 16. Nd4 Bxg5 17. Qd2 Bxe3 18. Qxe3 O-O 19. Ke2 Ne5 20. Rg1 Re8 21. Rhg2
Ng6 22. Rxg6 fxg6 23. Rxg6 Qd7 24. Qh6 Bxh3 25. Nd5 Rxe4+ 26. Kd3 Rxd4+ 27.
Kxd4 Rf8 28. Qe3 b5 29. Ne7+ Kh7 30. Kc3 Bg4 31. Qg5 Qc7+ 32. Kb4 a5+ 33. Ka3
Qc5+ 34. Qxc5 dxc5 35. Rg5 Rf7 36. Nc6 Rf5 0-1

[Event "Europa ch 2014"]
[Site "Yerevan ARM"]
[Date "2014.03.14"]
[Round "11.23"]
[White "Qashashvili, Alexandre"]
[Black "Balogh, Csaba"]
[Result "0-1"]
[WhiteElo "2378"]
[BlackElo "2651"]
[PlyCount "100"]
[EventDate "2014.03.03"]
[EventType "swiss"]
[EventRounds "11"]
[EventCountry "ARM"]
[Source "lmi"]
[SourceDate "2014.03.02"]

1. e4 c5 2. Nf3 e6 3. d4 cxd4 4. Nxd4 a6 5. Nc3 Qc7 6. Bd3 Nf6 7. Qe2 d6 8. O-O
b5 9. f4 Nbd7 10. Kh1 Bb7 11. Bd2 Be7 12. Rae1 h5 13. e5 dxe5 14. fxe5 Ng4 15.
Bf4 Nc5 16. Ne4 Nxd3 17. cxd3 Qb6 18. Nf3 Rd8 19. Nd6+ Bxd6 20. exd6 Bd5 21.
Ne5 Nxe5 22. Qxe5 O-O 23. Qxh5 f6 24. Re3 Qb7 25. Rg3 e5 26. Bh6 Rf7 27. Qg6
Rxd6 28. Bd2 Rc6 29. h4 f5 30. Qg5 Qd7 31. Re3 e4 32. dxe4 Bxe4 33. Bc3 b4 34.
Bxb4 Rc2 35. Rg3 f4 36. Rxf4 Qd1+ 37. Kh2 Rc1 38. Kh3 Qh1+ 39. Kg4 Qd1+ 40. Kh3
Qh1+ 41. Kg4 Bf5+ 42. Qxf5 Qd1+ 43. Kg5 Rxf5+ 44. Kxf5 Qd5+ 45. Kg4 Qe6+ 46.
Kh5 Qh6+ 47. Kg4 Qg6+ 48. Kf3 Rf1+ 49. Ke2 Qxg3 50. Rxf1 Qxg2+ 0-1

[Event "Europa ch 2014"]
[Site "Yerevan ARM"]
[Date "2014.03.14"]
[Round "11.24"]
[White "Korobov, Anton"]
[Black "Esen, Baris"]
[Result "1-0"]
[WhiteElo "2719"]
[BlackElo "2563"]
[PlyCount "97"]
[EventDate "2014.03.03"]
[EventType "swiss"]
[EventRounds "11"]
[EventCountry "ARM"]
[Source "lmi"]
[SourceDate "2014.03.02"]

1. d4 d6 2. Nf3 f5 3. Nc3 Nf6 4. Bg5 g6 5. Bxf6 exf6 6. h4 d5 7. h5 Bh6 8. e3
Kf7 9. Qd2 Nc6 10. O-O-O Be6 11. Na4 Kg7 12. Nc5 Bc8 13. Nd3 a5 14. g3 a4 15.
a3 Qd6 16. hxg6 hxg6 17. Be2 Be6 18. Rh2 b6 19. Rdh1 g5 20. Kb1 Ne7 21. Nc1 c5
22. Na2 c4 23. Nb4 Rh7 24. Ng1 Rah8 25. f4 Kg8 26. Bf3 Bf8 27. Rxh7 Rxh7 28.
Rxh7 Kxh7 29. Ne2 Nc6 30. Nxc6 Qxc6 31. Nc3 g4 32. Qh2+ Kg7 33. Bg2 b5 34. Qh1
b4 35. Bxd5 Qa6 36. axb4 Bxb4 37. Bxe6 Bxc3 38. Bxf5 Qb6 39. Qh7+ Kf8 40. Qh6+
Kf7 41. Bg6+ Ke6 42. f5+ Kd6 43. Qf8+ Kc7 44. Qa3 Bb4 45. Qxa4 c3 46. Qb3 Qb5
47. bxc3 Qf1+ 48. Kb2 Bd6 49. c4 1-0

[Event "Europa ch 2014"]
[Site "Yerevan ARM"]
[Date "2014.03.14"]
[Round "11.25"]
[White "Volkov, Sergey"]
[Black "Malakhov, Vladimir"]
[Result "1/2-1/2"]
[WhiteElo "2610"]
[BlackElo "2717"]
[PlyCount "81"]
[EventDate "2014.03.03"]
[EventType "swiss"]
[EventRounds "11"]
[EventCountry "ARM"]
[Source "lmi"]
[SourceDate "2014.03.02"]

1. d4 d5 2. c4 c6 3. cxd5 cxd5 4. Bf4 Nc6 5. e3 Nf6 6. Nc3 e6 7. Bd3 Be7 8. h3
O-O 9. Nf3 Bd6 10. Bxd6 Qxd6 11. O-O Bd7 12. Qe2 Rfc8 13. Rfc1 Nb4 14. Ne5 Nxd3
15. Qxd3 Be8 16. Rc2 Nd7 17. Nxd7 Qxd7 18. Rac1 Rc6 19. Nb1 Rac8 20. Rxc6 Rxc6
21. Rxc6 Qxc6 22. Qc3 Qxc3 23. Nxc3 Kf8 24. f4 f6 25. g4 Ke7 26. Kf2 h5 27. Kg3
hxg4 28. hxg4 g5 29. fxg5 fxg5 30. e4 Bc6 31. e5 Be8 32. Kf2 b6 33. Ke3 Bc6 34.
b4 b5 35. Nd1 Bd7 36. Nf2 Kf7 37. Nd3 Ke7 38. Nc5 Bc8 39. Kd2 Kf7 40. Ke3 Ke7
41. Kd2 1/2-1/2

[Event "Europa ch 2014"]
[Site "Yerevan ARM"]
[Date "2014.03.14"]
[Round "11.26"]
[White "Fridman, Daniel"]
[Black "Tomashevsky, Evgeny"]
[Result "1/2-1/2"]
[WhiteElo "2604"]
[BlackElo "2711"]
[PlyCount "86"]
[EventDate "2014.03.03"]
[EventType "swiss"]
[EventRounds "11"]
[EventCountry "ARM"]
[Source "lmi"]
[SourceDate "2014.03.02"]

1. d4 Nf6 2. c4 e6 3. Nc3 Bb4 4. Qc2 O-O 5. Nf3 c5 6. dxc5 Na6 7. g3 Nxc5 8.
Bg2 b6 9. O-O Bb7 10. Nb5 Be4 11. Qd1 Nb7 12. Bf4 a6 13. Nd6 Bxd6 14. Bxd6 Nxd6
15. Qxd6 Qb8 16. Qxb8 Raxb8 17. Rfd1 Bxf3 18. Bxf3 Rfc8 19. Rac1 a5 20. Rc3 Rc5
21. Rd6 g5 22. h3 b5 23. cxb5 Rxc3 24. bxc3 Rxb5 25. c4 Rc5 26. Ra6 h5 27. e3
Rxc4 28. Rxa5 g4 29. hxg4 hxg4 30. Be2 Rc1+ 31. Kg2 Rc2 32. Kf1 Rc1+ 33. Kg2
Rc2 34. Kf1 d5 35. Ra4 Rc1+ 36. Kg2 Rc2 37. Kf1 Ne4 38. Bd3 Rxf2+ 39. Ke1 Rf3
40. Bxe4 dxe4 41. Rxe4 Rxg3 42. Kf2 Rf3+ 43. Ke2 Rg3 1/2-1/2

[Event "Europa ch 2014"]
[Site "Yerevan ARM"]
[Date "2014.03.14"]
[Round "11.27"]
[White "Shomoev, Anton"]
[Black "Kryvoruchko, Yuriy"]
[Result "0-1"]
[WhiteElo "2581"]
[BlackElo "2706"]
[PlyCount "70"]
[EventDate "2014.03.03"]
[EventType "swiss"]
[EventRounds "11"]
[EventCountry "ARM"]
[Source "lmi"]
[SourceDate "2014.03.02"]

1. d4 Nf6 2. c4 e6 3. Nc3 Bb4 4. g3 O-O 5. Bg2 d6 6. Nf3 Bxc3+ 7. bxc3 Nbd7 8.
O-O Rb8 9. Nd2 b6 10. e4 e5 11. f4 Qe7 12. g4 exf4 13. Rxf4 Bb7 14. Ba3 c5 15.
Qf3 h6 16. Re1 Rfe8 17. Qg3 Nf8 18. Rf2 Qd7 19. h3 Re6 20. Rfe2 Rbe8 21. Bc1
R6e7 22. Kh2 N8h7 23. Bb2 Ng5 24. e5 dxe5 25. Rxe5 Bxg2 26. Rxe7 Rxe7 27. Kxg2
Qb7+ 28. Kh2 Rxe1 29. Qxe1 Qf3 30. Qf1 Qe3 31. Bc1 Qxc3 32. d5 b5 33. Nb1 Qc2+
34. Nd2 Nfe4 35. Qf5 g6 0-1

[Event "Europa ch 2014"]
[Site "Yerevan ARM"]
[Date "2014.03.14"]
[Round "11.28"]
[White "Almasi, Zoltan"]
[Black "Grigoryan, Karen H"]
[Result "1/2-1/2"]
[WhiteElo "2704"]
[BlackElo "2572"]
[PlyCount "83"]
[EventDate "2014.03.03"]
[EventType "swiss"]
[EventRounds "11"]
[EventCountry "ARM"]
[Source "lmi"]
[SourceDate "2014.03.02"]

1. e4 c5 2. Nf3 Nc6 3. d4 cxd4 4. Nxd4 e5 5. Nb5 a6 6. Nd6+ Bxd6 7. Qxd6 Qe7 8.
Qxe7+ Ngxe7 9. Bd2 d5 10. Nc3 Be6 11. exd5 Nxd5 12. Nxd5 Bxd5 13. O-O-O O-O-O
14. Be3 Kc7 15. f3 f6 16. a3 h6 17. Bd3 Bf7 18. b4 Rd7 19. Bf5 Rxd1+ 20. Rxd1
Rd8 21. Rxd8 Nxd8 22. a4 Nc6 23. c3 b6 24. Kb2 Bc4 25. g3 Ne7 26. Bc2 Nc8 27.
Kc1 Bd5 28. Bd3 Kb7 29. f4 Nd6 30. fxe5 fxe5 31. a5 bxa5 32. Bc5 Ne4 33. Bxe4
Bxe4 34. bxa5 g6 35. Bd6 Kc6 36. Bxe5 Kd5 37. Bg7 h5 38. Kd2 Bf5 39. Ke3 Kc4
40. Bf6 Kd5 41. Bd4 Kc4 42. Kf4 1/2-1/2

[Event "Europa ch 2014"]
[Site "Yerevan ARM"]
[Date "2014.03.14"]
[Round "11.29"]
[White "Jianu, Vlad-Cristian"]
[Black "Grachev, Boris"]
[Result "1/2-1/2"]
[WhiteElo "2574"]
[BlackElo "2675"]
[PlyCount "83"]
[EventDate "2014.03.03"]
[EventType "swiss"]
[EventRounds "11"]
[EventCountry "ARM"]
[Source "lmi"]
[SourceDate "2014.03.02"]

1. d4 d5 2. c4 e6 3. Nc3 Nf6 4. cxd5 exd5 5. Bg5 c6 6. e3 Bf5 7. Qf3 Bg6 8.
Bxf6 Qxf6 9. Qxf6 gxf6 10. O-O-O Nd7 11. Nge2 Nb6 12. Ng3 Nc8 13. h4 h5 14. Bd3
Bd6 15. Nf5 Bc7 16. Rh3 Bxf5 17. Bxf5 Rg8 18. Rg1 Nd6 19. Rf3 Ke7 20. g3 Rae8
21. Bd3 Bd8 22. a3 Ke6 23. e4 dxe4 24. Bxe4 f5 25. Bd3 Kf6 26. Nd1 Rg4 27. Ne3
Rxd4 28. Bxf5 Kg7 29. Bc2 Re5 30. Re1 Kf8 31. Ng2 Rxe1+ 32. Nxe1 Bc7 33. Nd3
Ne4 34. Nf4 Nf6 35. Ng6+ Kg7 36. Ne7 Rd7 37. Nf5+ Kf8 38. Rd3 Rxd3 39. Bxd3 Bb6
40. f3 Nd5 41. Kd2 Ne7 42. Nxe7 1/2-1/2

[Event "Europa ch 2014"]
[Site "Yerevan ARM"]
[Date "2014.03.14"]
[Round "11.30"]
[White "Goganov, Aleksey"]
[Black "Socko, Bartosz"]
[Result "1/2-1/2"]
[WhiteElo "2569"]
[BlackElo "2654"]
[PlyCount "81"]
[EventDate "2014.03.03"]
[EventType "swiss"]
[EventRounds "11"]
[EventCountry "ARM"]
[Source "lmi"]
[SourceDate "2014.03.02"]

1. d4 Nf6 2. c4 e6 3. Nf3 d5 4. Nc3 c5 5. cxd5 Nxd5 6. e4 Nxc3 7. bxc3 cxd4 8.
cxd4 Bb4+ 9. Bd2 Bxd2+ 10. Qxd2 O-O 11. Rc1 b6 12. Bd3 Bb7 13. O-O Nd7 14. Qe3
h6 15. e5 Rc8 16. Nd2 Qg5 17. Ne4 Qxe3 18. fxe3 Bxe4 19. Bxe4 f6 20. Bc6 Nb8
21. Ba4 Kf7 22. exf6 gxf6 23. Kf2 Ke7 24. e4 a6 25. Ke3 b5 26. Bb3 a5 27. a3
Nd7 28. Kd3 Kd6 29. Ba2 Rxc1 30. Rxc1 Rb8 31. Rb1 e5 32. Bd5 b4 33. dxe5+ Nxe5+
34. Ke3 f5 35. axb4 fxe4 36. Kxe4 Rxb4+ 37. Rxb4 axb4 38. Ba2 Nc6 39. g4 Na5
40. h4 b3 41. Bxb3 1/2-1/2